000 00578nam a22001817a 4500
003 UA-OsUOA
001 11402
007 ta
008 20050320b un ||||| |||| 00| 0 ukr d
100 _aЗлупко С.
942 _cSA
040 _aUA-OsUOA
_cUA-OsUOA
_dUA-OsUOA
245 _aФормування,розвиток і сучасний стан економічної системології в Україні
300 _aС.77-83
955 _a0
773 0 _w0
_tЕкономіка України
_dКиїв
_d2005
_g№3
650 7 _aЕкономічна думка
_2UDC
999 _c297563
_d297563